Foot: Les clubs Français en Coupes d'Europe 2023-2024 - Statistiques

Statistiques générales
  • Ce quiz a été pris 194 fois
    78 depuis la dernière actualisation
  • Le résultat moyen est 14 sur 26
Statistiques - réponses
Réponse % Correct
Borussia Dortmund
100%
FC Barcelone
97%
Milan AC
93%
Arsenal
90%
Newcastle United
87%
Atalanta Bergame
76%
Real Sociedad
76%
Liverpool
75%
Benfica Lisbonne
68%
PSV Eindhoven
66%
FC Séville
65%
Aston Villa
56%
Villareal
55%
Ajax Amsterdam
49%
SC Fribourg
48%
Panathinaïkos
39%
Brighton & Hove Albion
38%
AEK Athènes
35%
Union Saint-Gilloise
31%
Chakhtar Donetsk
21%
LASK Linz
21%
Slovan Bratislava
18%
Sturm Graz
17%
Maccabi Haifa
13%
KÍ Klaksvik
11%
Olimpija Ljubljana
8%
Aucun quiz correspondant
Distribution des résultats
% des personnes avec chaque résultat
Percentile par nombre de réponses
Votre historique - résultats
Vous n’avez pas pris ce quiz depuis la dernière actualisation